Keď sa úver nedáva na známosť Lízing - nástroj na vylepšenie obrazu a miery zadlženosti podniku, pretože sa účtovne nezachytáva

Bibliographic Details
Main Author: Makarová, Margita (Author)
Format: Article
Language:Slovak
Subjects:

MARC

LEADER 00000nab a2200000 a 4500
001 vtls000637741
003 SK-MaSNL
005 20260302185134.0
008 160401c1997 xo 0 slo
015 |a SNBRB19rr/mm-uuuuu 
035 |a CL0637880 
040 |a SNKBUCL  |b slo  |c SNKBUCL  |e AACR2 
041 0 |a slo 
044 |a xo  |c SK 
080 |a 658.843  |2 1981 
080 |a 339.187.62  |2 1981 
080 |a 658.91  |2 1981 
100 1 |a Makarová, Margita  |4 aut  |9 11643 
245 1 0 |a Keď sa úver nedáva na známosť  |b Lízing - nástroj na vylepšenie obrazu a miery zadlženosti podniku, pretože sa účtovne nezachytáva  |c Margita Makarová 
650 0 7 |a Leasing  |2 snkbucl  |9 434133 
655 7 |a články z novín a časopisov  |2 snkbucl  |9 267496 
773 0 |t Slovenský profit  |g Roč. 5, č. 42 (1997), s. 10 
850 |a Slovenská národná knižnica v Martine  |a MTA001 
852 |a SNK  |b KIS3GCP 
958 |a RK 
958 |a RBX 
999 |c 1428290  |d 1430220